La Bruja Renata Parca y el reencuentro con las hadas /

¿Te levantaste algún día de malhumor? Claro que sí. A todos nos pasa. Pero, ¿y si fueras una bruja irritable que una mañana empieza a sentir algo así como ganas de ser buena? Horrible, por supuesto, no diga más. Y es que así es este libro: tan horripilante que hasta una pobre bruja, toda maldad y mu...

Descripción completa

Guardado en:
Autor Principal: Corsiglia, Ana.
Otros Autores: Deviagge, Indira; il.
Formato: Libro
Idioma:Undetermined
Publicado: Bahía Blanca : Meraki, 2019.
Edición:2a ed.
Materias:
Etiquetas: Agregar Etiqueta
Sin Etiquetas, Sea el primero en etiquetar este registro!
LEADER 01304nam a22002175a 4500
001 CEM.cems024930
008 251013s2019####ag############000#0#und#d
005 20251013171715.0
245 1 0 |a La Bruja Renata Parca y el reencuentro con las hadas /  |c Ana Corsiglia ; ilustrado por Indira Deviagge. 
250 |a 2a ed. 
260 |a Bahía Blanca :  |b Meraki,  |c 2019. 
300 |a 114 p. 
520 |a ¿Te levantaste algún día de malhumor? Claro que sí. A todos nos pasa. Pero, ¿y si fueras una bruja irritable que una mañana empieza a sentir algo así como ganas de ser buena? Horrible, por supuesto, no diga más. Y es que así es este libro: tan horripilante que hasta una pobre bruja, toda maldad y mugre como corresponde, empieza a sufrir la bondad. Y eso no es todo. Es tan sólo el principio. ¿Estás listo para conocer un mundo como nunca habías leído? Preparate porque lo que estás a punto de leer va a hacer que nunca más vuelvas a ver una bruja como lo venías haciendo hasta ahora. 
020 |a 9789874669346 
100 1 |a Corsiglia, Ana. 
700 1 |a Deviagge, Indira; il. 
653 |a Literatura infantil y juvenil 
653 |a Novela infantil y juvenil 
653 |a Literatura argentina 
653 |a Literatura bahiense 
859 |a CEMS  |b BIB. CEMS - 11 de abril  |h A863.4  |i C826  |p 30445.25  |t Ej.1